003880000a220008500045001000015000002450112000153000050001275000104001777730021002811 aP. Edouard10aLa vindicación de la distinción : La restauración del Ideal cristiano y la derrota del pos-modernismo aVol.8, núm.1 (Marzo, 2006), Páginas 28-43 aPastor de la Iglesia Reformada del Pacto en Pella, Iowa, afiliada a las Iglesias Reformadas Unidas.0 tReforma Siglo 21